000 00574nam a2200193 4500
003 LK-CoMWRAF
005 20230911214201.0
008 230911b2006 |||||||| |||| 00| 0 eng d
020 _a9556250271
040 _aLK-CoMWRAF
_dLK-CoMWRAF
_eLK-CoMWRAF
041 _aeng
082 _a305.409
_bMAN
100 _aManjoo, Rashida
245 _aThe South African commission for gender equality :
_bBeginnings and functioning
260 _aColombo :
_bMuslim Women's research and action forum,
_c2006
300 _a22p. ; 21cm
650 _aWomen , south Africans
942 _cBK
999 _c3544
_d3544